00459nam a2200169 a 45000010005000000030009000050080041000140400028000550820017000831000021001002450052001212600033001733000015002064900034002216500018002556500016002733545CO-ViMGA141112s2004 ck r 000 u spa d aCO-ViMGAbspacCO-ViMGA04a636.089 N4261 aNicolet, Jacques10aCompendio de bacteriología medica veterinaria aZaragoza : bAcribia, c1986 a275 p : il aMicrobiología e inmunologia14aBACTERIOLOGIA14aVETERINARIA